Statistiques concernant Cinéma commençant par la lettre E

Cliquez ici pour prendre le quiz!

Statistiques générales

  • Ce quiz a été pris 919 fois
  • Le résultat moyen est 4 sur 12

Statistiques - réponses

HintRéponse% Correct
Film de 1991 sur un jeune homme aux mains aiguiséesEdward aux mains d'argent
88%
Cowboy dans une célèbre trilogie, inspecteur de police dans une célèbre sagaClint Eastwood
76%
Personnage principal de la saga Mission ImpossibleEthan Hunt
42%
A interprété le créateur de Facebook en 2010 et Lex Luthor en 2016Jesse Eisenberg
40%
Troy Bolton pour Disney, puis Ted Bundy pour NetflixZac Efron
38%
Lauréat de la Palme d'Or en 2003, inspiré d'une fusillade tristement connueElephant
33%
Compositeur américain, ayant fait la musique pour la réponse précédenteDanny Elfman
22%
Réalisateur soviétique, considéré comme le "père du montage"Sergueï Eisenstein
20%
Film expérimental de 1977, par le futur metteur en scène de DuneEraserhead
17%
Premier rôle majeur d'un tout jeune Christian Bale en 1987Empire du soleil
15%
Réalisateur allemand, ayant fait explosé la Maison BlancheRoland Emmerich
14%
Critique de cinéma américain, ayant animé une émission avec son partenaire SiskelRoger Ebert
4%

Distribution des résultats

Percentile par nombre de réponses

% des personnes avec chaque résultat

Votre développement - résultats

Vous n’avez pas pris ce quiz